| 000 | 00620nam a22001937a 4500 | ||
|---|---|---|---|
| 003 | 0 | ||
| 005 | 20250827104132.0 | ||
| 008 | 250827b xxu||||| |||| 00| 0 eng d | ||
| 020 | _a978-1-03-261951-4 | ||
| 050 |
_aPN 2053 _b.C76 2025 |
||
| 100 |
_aCrook, Paul B., _eauthor. |
||
| 245 |
_aThe Art and practice of directing for theatre / _cPaul B. Crook. |
||
| 250 | _aSecond edition. | ||
| 260 |
_aNew York, NY : _bRoutledge, _c2025. |
||
| 300 |
_aix, 233 pages : _billustrations ; _c23 cm. |
||
| 504 | _aIncludes bibliographical references and index. | ||
| 650 |
_aTheater _xProduction and direction. |
||
| 942 |
_2lcc _cBK |
||
| 999 |
_c367632 _d367632 |
||